| 000 | 01229nam2a22002771 4500 | ||
|---|---|---|---|
| 001 | rc\1777163 | ||
| 005 | 20250620105948.0 | ||
| 035 | _a(NLR Aleph) 005289179 | ||
| 090 |
_a6173214 _c6173214 |
||
| 100 | _a20061204d1905 |||y0rusy50 ca | ||
| 101 | 0 | _arus | |
| 102 | _aRU | ||
| 105 | _ay z |||a| | ||
| 200 | 1 |
_aСказки деда бородатого _aС верховьев Волги на истоки Нила _e(путевые впечатления журавля) _aАндрон Голован |
|
| 210 |
_d1905 ценз. _aБ. м. |
||
| 215 | _a275 с. | ||
| 461 | 0 |
_1001rc\1777143 _12001#$aПолное собрание сочинений Н.Н. Каразина$vТ. 20 _96156422 _aКаразин, Н. Н. (1842-1908) _cСанктпетербург _d1904-1905 ценз. _nП.П. Сойкин _p20 т. _tПолное собрание сочинений Н.Н. Каразина _vТ. 20 |
|
| 517 | 1 |
_aПутевые впечатления журавля _zrus |
|
| 801 | 0 |
_aRU _bNLR _c20061204 _gpsbo |
|
| 801 | 0 |
_aRU _bRuMoRGB _c20061204 _2psbo |
|
| 801 | 1 |
_aRU _bProSoft-M _c20061204 _2rusmarc |
|
| 801 | 2 |
_aRU _bNLR _c20121102 _2rusmarc |
|
| 852 |
_aNLR _j129/4315(20) |
||
| 852 |
_aNLR _j20.71.5.1(20) |
||
| 942 | _cBOOK | ||
| 980 | _aNB | ||